| 000 | 00391cam a2200169ua 4500 | ||
|---|---|---|---|
| 020 | _cRs.1.50 | ||
| 041 |
_ahin _h |
||
| 082 |
_a89.54 _bSUM/YU |
||
| 100 | _aSumitrananda, Pant. | ||
| 245 |
_aYugpad / _cSumitranandan pant. _hTextual Documents |
||
| 260 |
_a : _bBharati Bhandar. |
||
| 300 | _a164 ; . | ||
| 365 | _aRs.1.50 | ||
| 504 | _a | ||
| 942 | _cBK | ||
| 999 |
_c12048 _d12048 |
||